Fr. Conceicao Rodrigues College of Engineering

Probability and statistics for engineers and scientists (Record no. 24764)

MARC details
000 -LEADER
fixed length control field 00322nam a2200133Ia 4500
082 ## - DEWEY DECIMAL CLASSIFICATION NUMBER
Classification number 519
Item number WAL
100 ## - MAIN ENTRY--PERSONAL NAME
Personal name Walpole/R.E
245 ## - TITLE STATEMENT
Title Probability and statistics for engineers and scientists
260 ## - PUBLICATION, DISTRIBUTION, ETC.
Name of publisher, distributor, etc. Maxwell Macmillan
Place of publication, distribution, etc. New York
Date of publication, distribution, etc. 1990
300 ## - PHYSICAL DESCRIPTION
Extent 765
546 ## - LANGUAGE NOTE
Language note ENGLISH
654 ## - SUBJECT ADDED ENTRY--FACETED TOPICAL TERMS
Focus term Probability
942 ## - ADDED ENTRY ELEMENTS (KOHA)
Koha item type BOOK
Holdings
Withdrawn status Lost status Damaged status Not for loan Collection Home library Current library Date acquired Source of acquisition Cost, normal purchase price Inventory number Total Checkouts Full call number Barcode Date last seen Cost, replacement price Price effective from Koha item type
        CRC Fr. Agnel's C.Rodrigues College of Engineering Fr. Agnel's C.Rodrigues College of Engineering 17/03/2023 Progressive Books 392.15 2020 dt 30.03.92   519 WAL 3565 17/03/2023 392.15 30/03/1992 BOOK